Fábulas (Registo nº 5945)
[ vista simples ]
| 000 -Etiqueta do registo | |
|---|---|
| Valores | 00786cam a2200265 4500 |
| 010 ## - Número ISBN | |
| ISBN | 9724302644 |
| 021 ## - Número do Depósito Legal | |
| Número | 87874/95 |
| 100 ## - Dados gerais de processamento | |
| Dados gerais | 20211231d1995 d||y0pory5003 ba |
| 200 1# - Titulo e menção de responsabilidade | |
| Título próprio | Fábulas |
| Primeira menção de responsabilidade | La Fontaine |
| Outras menções de responsabilidade | il. António Modesto, trad. António Sabler |
| 205 ## - Menção da edição | |
| Edição | 2ª ed. |
| 210 #9 - Publicação | |
| Local de publicação | Porto |
| Nome do editor | Edinter |
| Data de publicação | imp. 1995 |
| 215 ## - Descrição física | |
| Paginação / Volumes | [88] p. |
| Outras indicações físicas | il. |
| 606 ## - Nome comum usado como assunto | |
| ID Autoridade | 14 |
| Palavra de ordem | Literatura infantil |
| 606 ## - Nome comum usado como assunto | |
| ID Autoridade | 13 |
| Palavra de ordem | Literatura Estrangeira |
| 675 ## - CDU | |
| Notação | 821.133.1-342"16" |
| Edição | BN |
| Língua | por |
| 675 ## - CDU | |
| Notação | 821.133.1-93"16" |
| Edição | BN |
| Língua | por |
| 675 ## - CDU | |
| Notação | 087.5 |
| Edição | BN |
| Língua | por |
| 700 ## - Autor principal (pessoa individual) | |
| Apelido | La Fontaine |
| Nome | Jean de |
| Datas | 1621-1695 |
| ID Autoridade | 4024 |
| 702 ## - Autor secundário (pessoa individual) | |
| Apelido | Modesto |
| Nome | António |
| Datas | 1957- |
| ID Autoridade | 1344 |
| 702 ## - Autor secundário (pessoa individual) | |
| Apelido | Sabler |
| Nome | António |
| Datas | 1941- |
| ID Autoridade | 2766 |
| 801 #0 - Fonte de origem | |
| País | PT |
| Agência | BMVN |
| Regras de catalogação | RPC |
| 830 ## - Notas gerais do catalogador | |
| Criado por | Inês Silva |
| Data de criação | 31/12/2021 |
| 990 ## - Elementos KOHA | |
| Tipo de documento | Livro |
| Situação do levantamento | Biblioteca de origem | Código de barras | Cota | Permissão de empréstimo | Tipo de documento | Forma de aquisição |
|---|---|---|---|---|---|---|
| Biblioteca Municipal de Vendas Novas | 100000013948 | LI EST/FON | Livro |